Регистрация прохождения внутритрубных объектов по трубопроводу акустическим методом; Вестник науки Сибири; № 1 (7)
| Parent link: | Вестник науки Сибири: электронный научный журнал/ Томский политехнический университет (ТПУ).— , 2011-.— 2226-0064 № 1 (7).— 2013.— [С. 50-55] |
|---|---|
| מחבר ראשי: | |
| סיכום: | Заглавие с титульного листа Проведен сравнительный анализ современных технологий контроля прохождения внутритрубных объектов по трубопроводу. Предложена аппаратура и методика бесконтактной регистрации внутритрубных объектов акустическим способом. |
| שפה: | רוסית |
| יצא לאור: |
2013
|
| סדרה: | Инженерные науки |
| נושאים: | |
| גישה מקוונת: | http://earchive.tpu.ru/handle/11683/16443 |
| פורמט: | אלקטרוני Book Chapter |
| KOHA link: | https://koha.lib.tpu.ru/cgi-bin/koha/opac-detail.pl?biblionumber=503662 |
MARC
| LEADER | 00000naa2a2200000 4500 | ||
|---|---|---|---|
| 001 | 503662 | ||
| 005 | 20231225152808.0 | ||
| 035 | |a (RuTPU)RU\TPU\prd\174428 | ||
| 035 | |a RU\TPU\prd\174373 | ||
| 090 | |a 503662 | ||
| 100 | |a 20130412d2013 k y0rusy50 ca | ||
| 101 | 0 | |a rus | |
| 102 | |a RU | ||
| 135 | |a drnn ---uucaa | ||
| 181 | 0 | |a i | |
| 182 | 0 | |a b | |
| 200 | 1 | |a Регистрация прохождения внутритрубных объектов по трубопроводу акустическим методом |f А. Н. Калиниченко | |
| 203 | |a Текст |c электронный | ||
| 215 | |a 1 файл (372 Кб) | ||
| 225 | 1 | |a Инженерные науки | |
| 300 | |a Заглавие с титульного листа | ||
| 320 | |a [Библиогр.: с. 55 (4 назв.)] | ||
| 330 | |a Проведен сравнительный анализ современных технологий контроля прохождения внутритрубных объектов по трубопроводу. Предложена аппаратура и методика бесконтактной регистрации внутритрубных объектов акустическим способом. | ||
| 337 | |a Adobe Reader | ||
| 461 | 1 | |0 (RuTPU)RU\TPU\prd\143680 |x 2226-0064 |t Вестник науки Сибири |o электронный научный журнал |f Томский политехнический университет (ТПУ) |d 2011- | |
| 463 | 1 | |0 (RuTPU)RU\TPU\prd\174137 |t № 1 (7) |v [С. 50-55] |d 2013 | |
| 610 | 1 | |a неразрушающий контроль | |
| 610 | 1 | |a трубопроводы | |
| 610 | 1 | |a внутритрубные объекты | |
| 610 | 1 | |a регистрация | |
| 610 | 1 | |a сигнализаторы | |
| 610 | 1 | |a акустические методы | |
| 610 | 1 | |a труды учёных ТПУ | |
| 610 | 1 | |a электронный ресурс | |
| 675 | |a 622.692.4 |v 3 | ||
| 700 | 1 | |a Калиниченко |b А. Н. |c специалист в области неразрушающего контроля |c доцент Томского политехнического университета, кандидат технических наук |f 1981- |g Алексей Николаевич |3 (RuTPU)RU\TPU\pers\27077 |9 12627 | |
| 801 | 1 | |a RU |b 63413507 |c 20090623 |g PSBO | |
| 801 | 2 | |a RU |b 63413507 |c 20180115 |g PSBO | |
| 856 | 4 | |u http://earchive.tpu.ru/handle/11683/16443 | |
| 942 | |c BK | ||